States Where Teachers are Paid the Most - Statistics

General Stats
  • This quiz has been taken 29 times
  • The average score is 16 of 20
Answer Stats
Average Salary State % Correct
$77,330 New York
100%
$74,270 California
96%
$60,950 Washington
96%
$66,700 Virginia
92%
$73,050 Alaska
88%
$76,740 Connecticut
88%
$57,370 Hawaii
84%
$74,470 Massachusetts
84%
$68,810 New Jersey
84%
$59,000 Ohio
84%
$63,390 Oregon
84%
$60,760 Illinois
80%
$64,970 Maryland
80%
$61,260 Michigan
80%
$62,000 Minnesota
80%
$66,160 Rhode Island
80%
$60,810 Delaware
76%
$62,250 Pennsylvania
68%
$58,860 Wyoming
56%
$58,090 New Mexico
52%
No matching quizzes found
Score Distribution
Percent of People with Each Score
Percentile by Number Answered
Your Score History
You have not taken this quiz